MARC details
| 000 -CABECERA |
| campo de control de longitud fija |
05064nam a2200421 a 4500 |
| 001 - NÚMERO DE CONTROL |
| campo de control |
dia_1306 |
| 003 - IDENTIFICADOR DEL NÚMERO DE CONTROL |
| campo de control |
CHAP |
| 005 - FECHA Y HORA DE LA ÚLTIMA TRANSACCIÓN |
| campo de control |
20250618130422.0 |
| 007 - CAMPO FIJO DE DESCRIPCIÓN FÍSICA--INFORMACIÓN GENERAL |
| campo de control de longitud fija |
ta |
| 008 - DATOS DE LONGITUD FIJA--INFORMACIÓN GENERAL |
| campo de control de longitud fija |
220117s1971 sp ado fr 001 0 spa d |
| 010 ## - NÚMERO DE CONTROL DE LA BIBLIOTECA DEL CONGRESO |
| Número de control de LC |
171854 |
| 040 ## - FUENTE DE LA CATALOGACIÓN |
| Centro/agencia transcriptor |
CHAP |
| Centro catalogador/agencia de origen |
mxchpua |
| Normas de descripción |
rda |
| 041 ## - CÓDIGO DE LENGUA |
| Código de lengua del texto/banda sonora o título independiente |
spa |
| Código de lengua del sumario o resumen |
spa |
| Código de lengua de la tabla de contenido |
spa |
| Código de lengua original |
eng |
| 050 1# - SIGNATURA TOPOGRÁFICA DE LA BIBLIOTECA DEL CONGRESO |
| Número de clasificación |
QP514 |
| Número de documento/Ítem |
.M34 1971 |
| 082 ## - NÚMERO DE LA CLASIFICACIÓN DECIMAL DEWEY |
| Número de edición |
20 |
| Número de clasificación |
574.192 |
| Número de documento/Ítem |
M34 1971 |
| 100 1# - ENTRADA PRINCIPAL--NOMBRE DE PERSONA |
| Nombre de persona |
Mahler, Henry R. |
| 9 (RLIN) |
69880 |
| 240 10 - TÍTULO UNIFORME |
| Título uniforme |
Biological chemistry. |
| Lenguaje de la obra |
Español |
| 245 10 - MENCIÓN DE TÍTULO |
| Título |
Química biológica / |
| Mención de responsabilidad, etc. |
Henry R. Mahler y Eugene H. Cordes ; traductores Bernabé Sanz Pérez, Justino Burgos González y David Ordóñez Escudero |
| 250 ## - MENCIÓN DE EDICIÓN |
| Mención de edición |
1a edición |
| 264 ## - PRODUCCIÓN, PUBLICACIÓN, DISTRIBUCIÓN, FABRICACIÓN Y COPYRIGHT |
| Producción, publicación, distribución, fabricación y copyright |
España : |
| Nombre del de productor, editor, distribuidor, fabricante |
Omega, |
| Fecha de producción, publicación, distribución, fabricación o copyright |
1971 |
| 300 ## - DESCRIPCIÓN FÍSICA |
| Extensión |
xv, 893 páginas : |
| Otras características físicas |
ilustraciones, gráficas, diagramas, tablas, fotos |
| 336 ## - TIPO DE CONTENIDO |
| Fuente |
rdacontent |
| Término de tipo de contenido |
texto |
| Código de tipo de contenido |
txt |
| 337 ## - TIPO DE MEDIO |
| Fuente |
rdamedia |
| Nombre/término del tipo de medio |
no mediado |
| Código del tipo de medio |
n |
| 338 ## - TIPO DE SOPORTE |
| Fuente |
rdacarrier |
| Nombre/término del tipo de soporte |
volumen |
| Código del tipo de soporte |
nc |
| 504 ## - NOTA DE BIBLIOGRAFÍA, ETC. |
| Nota de bibliografía, etc. |
Incluye bibliografías |
| 505 0# - NOTA DE CONTENIDO CON FORMATO |
| Nota de contenido con formato |
Prólogo --<br/>1. Historia y fines de la bioquímica --<br/>2. Proteínas: clasificación, propiedades, purificación --<br/>3. Organización estructural de las proteínas --<br/>4. Ácidos nucleicos --<br/>5. Termodinámica y equilibrios en las transformaciones bioquímicas --<br/>6. Cinética enzimática --<br/>7. Mecanismo de la acción enzimática --<br/>8. Coenzimas --<br/>9. Organización intracelular y partículas subcelulares --<br/>10. El metabolismo de los hidratos de carbono --<br/>11. Fotosíntesis --<br/>12. La oxidación de los ácidos grasos y degradación de los lípidos complejos --<br/>13. Ciclo del ácido cítrico --<br/>14. Oxidaciones biológicas --<br/>15. Biosíntesis de lípidos --<br/>16. Metabolismo de los aminoácidos --<br/>17. Metabolismo de los ácidos nucleicos -- <br/>18. Biosíntesis de proteínas --<br/>Índice alfabético |
| 520 2# - SUMARIO, ETC. |
| Sumario, etc. |
Este libro intenta proporcionar una visión clara, completa y al día de los campos fundamentales del conocimiento- de la bioquímica. Por ello incluye estudios detallados de la fisicoquímica de las. biomacromoléculas; de la termodinámica, de la cinética y de los mecanismos de las reacciones enzimáticas; de la organización subcelular; del metabolismo intemediario de los principales tipos de sustancias químicas, y de algunos aspectos seleccionados de biología molecular. Los autores han puesto todo su empeño en que el contenido, organización y profundidad de los conocimientos que en este libro se exponen sean de la mayor utilidad para los estudiantes. Se han omitido algunos aspectos habitualmente tratados en los textos de bioquímica, por ejemplo, se prescinde del estudio específico de la química de los hidratos de carbono, ya que en los cursos básicos de química se dispone de una abundante información sobre este tema y asímismo porque se estudia a tondo en muchos libros de texto de química orgánica y bioquímica. lgualmente se ha prescindido de otros problemas con el fin de que el libro resultase de tamaño manejable. Tampoco hemos podido tratar algunos aspectos importantes de química fisiológica, como, por ejemplo, la visión, la contracción muscular, la conducción nerviosa y las acciones hormonales. Sin embargo, confiamos en que el estudiante que haya aprendido los fundamentos expuestos en este volumen se encuentre en condiciones de estudiar otros muchos íntimamente relacionados con los primeros, en fuentes o libros distintos. <br/>Pero consideramos conveniente proporcionar al estudiante un buen conocimiento de las propiedades químicas y físicas de las biomacromoléculas, asi como de las características de las reacciones químicas en que esta implicadas, antes de referirnos específicamente al metabolismo intermediario; de aquí que el libro siga la disposición antes indicada. Los aspectos de máxima importancia en la física y química orgánica preceden a los que están más íntimamente relacionados con las disciplinas biológicas. Dispone esta forma la distribución del libro permite, además, la organización en de un curso de bioquímica de una duración de dos a tres semestres. <br/>Algunos conceptos estudiados al comienzo del texto, en especial las propiedades físicas de las proteínas, los mecanismos enzimáticos y el control de la actividad enzimática, se tratan, con mucha más extensión, en los últimos capítulos. Así, el estudio de los mecanismos enzimáticos en el capitulo 7 es de tipo general, mientras que la mayor parte de los diversos mecanismos individuales se estudian más adelante. Por ello, en el capítulo 10 se presenta el posible mecanismo de casi cada uno de los enzimas encontrados al estudiar el metabolismo de los hidratos de carbono. |
| 650 13 - PUNTO DE ACCESO ADICIONAL DE MATERIA--TÉRMINO DE MATERIA |
| Término de materia o nombre geográfico como elemento de entrada |
Bioquímica |
| 9 (RLIN) |
12849 |
| Fuente del encabezamiento o término |
atg |
| 650 13 - PUNTO DE ACCESO ADICIONAL DE MATERIA--TÉRMINO DE MATERIA |
| Término de materia o nombre geográfico como elemento de entrada |
Biochemistry |
| 9 (RLIN) |
150448 |
| Fuente del encabezamiento o término |
atg |
| 700 1# - PUNTO DE ACCESO ADICIONAL--NOMBRE DE PERSONA |
| Nombre de persona |
Cordes, Eugene H. |
| 9 (RLIN) |
150481 |
| Término indicativo de función/relación |
autor |
| 700 1# - PUNTO DE ACCESO ADICIONAL--NOMBRE DE PERSONA |
| Nombre de persona |
Sanz Pérez, Bernabé |
| 9 (RLIN) |
150473 |
| Término indicativo de función/relación |
traductor |
| 700 1# - PUNTO DE ACCESO ADICIONAL--NOMBRE DE PERSONA |
| Nombre de persona |
Burgos González, Justino |
| 9 (RLIN) |
147760 |
| Término indicativo de función/relación |
traductor |
| 700 1# - PUNTO DE ACCESO ADICIONAL--NOMBRE DE PERSONA |
| Nombre de persona |
Ordoñez Escudero, David |
| 9 (RLIN) |
190685 |
| Término indicativo de función/relación |
traductor |
| 942 ## - ELEMENTOS DE PUNTO DE ACCESO ADICIONAL (KOHA) |
| Tipo de ítem Koha |
Libro |
| Fuente del sistema de clasificación o colocación |
Dewey Decimal Classification |
| 901 ## - ELEMENTOS DE DATOS A LOCAL LDA (RLIN) |
| a |
574.192 M34 1971 |
| 902 ## - ELEMENTOS DE DATOS B LOCAL, LDB (RLIN) |
| a |
M |
| 905 ## - ELEMENTOS DE DATOS E LOCAL, LDE (RLIN) |
| a |
0000001971 SP 0000000000SPA00 |